Countries That Look Similar to US States - Statistics

General Stats
  • This quiz has been taken 26 times
  • The average score is 14 of 16
Answer Stats
Picture Answer % Correct
Austria
96%
California
96%
Kentucky
96%
Maine
96%
Rhode Island
96%
Texas
96%
West Virginia
96%
Afghanistan
92%
Peru
92%
Wisconsin
92%
Indiana
88%
South Korea
83%
Gabon
79%
Ghana
75%
Tanzania
71%
Uganda
54%
No matching quizzes found
Score Distribution
Percent of People with Each Score
Percentile by Number Answered
Your Score History
You have not taken this quiz